[Event "Tel Aviv"]
[Site "Tel Aviv"]
[Date "2001.02.25"]
[Round "5"]
[White "Greenfeld, Alon"]
[Black "Gyimesi, Zoltan"]
[Result "1/2-1/2"]
[WhiteElo "2570"]
[BlackElo "2564"]
[Annotator "Ribli,Z"]
[PlyCount "55"]
[EventDate "2001.02.20"]
[EventType "tourn"]
[EventRounds "9"]
[EventCountry "ISR"]
[EventCategory "9"]
[SourceTitle "CBM 082"]
[Source "ChessBase"]
[SourceDate "2001.05.17"]
[SourceVersion "1"]
[SourceVersionDate "2001.05.17"]
[SourceQuality "1"]

1. d4 Nf6 2. c4 e6 3. Nf3 d5 4. Nc3 dxc4 {Der junge ungarische GM spielt auch
gerne das Angenommene Damengambit, insofern kommt dieser Zug nicht
überraschend.} 5. e4 Bb4 6. Bg5 c5 7. Bxc4 cxd4 8. Nxd4 Bxc3+ {Dieser Zug
scheint mir konsequenter als die Alternative 8...Qa5.} 9. bxc3 Qa5 {Das ist
eine - in letzter Zeit - sehr beliebte Grundstellung der Wiener Variante. In
der Regel sollte man versuchen, die Entwicklung schnell zu beenden und das
Läuferpaar zu behalten, doch diese Variante stellt eine Ausnahme dar. Bislang
konnte Weiß in dieser Variante keinen Vorteil erringen.} 10. Bb5+ (10. Bxf6) (
10. Nb5 $5) 10... Nbd7 (10... Bd7) 11. Bxf6 Qxc3+ 12. Kf1 (12. Ke2 {Dieser Zug
ist eine seltene Alternative.} Qb2+ $5 (12... gxf6 $6 13. Rc1 Qb4 14. Rc4 Qe7 (
14... Qd6 15. Nb3 $1 $16) 15. Qc1 $40) 13. Kf1 gxf6 14. Rb1 Qa3 15. h4 Qd6 $13)
12... gxf6 13. h4 (13. Rc1 Qb4 (13... Qa5 $4 14. Rxc8+ $1 Rxc8 15. Bxd7+ Ke7 (
15... Kxd7 16. Nb3+ $18 {[%cal Rb3a5,Rd1d7]}) 16. Bxc8 Rxc8 17. h4 Rd8 18. Rh3
$18) 14. h4 {Das Motiv 14.Rxc8+ scheitert hier an 14...Rxc8, denn nach 15.
Bxd7+ Kxd7 16.Nc2+ kommt 16...Qd6 mit schwarzem Gewinn.} a6 $13) 13... a6 (
13... Qa5) (13... Ke7) 14. Rh3 (14. Be2 O-O 15. Rh3 Qb4 16. Qd3 (16. Rb1 $5 $44
) 16... Kh8 17. Rd1 Qe7 18. Qe3 Nc5 19. Nb3 Nxb3 20. Qxb3 e5 21. Rc3 b5 22. Qc2
Be6 {0-1 Lauber,A-Gyimesi,Z/Fuerth 2000/EXT 2001 (85)}) (14. Rc1 Qb4 (14... Qa5
$4 15. Rxc8+ Rxc8 16. Bxd7+ Ke7 17. Bxc8 Rxc8 18. Qb1 $18) 15. Be2 (15. Ba4 Ke7
) 15... O-O 16. Rh3 Kh8 17. Rg3 (17. Rhc3 $5 $44) 17... Ne5 $5 (17... Rg8) 18.
Rcc3 $2 (18. a3 Qa5 19. Qb3 Qd2 20. Rd1 Qf4 $13) 18... Rd8 $1 $19 19. Qc1 Qxd4
20. Qh6 Ng6 21. Rgd3 Qb6 22. h5 e5 {0-1 Banikas,H-Gyimesi,Z/Bolzano 2000/CBM
77 ext (28)}) 14... Qa5 (14... Qb4) 15. Be2 Ne5 $5 {Dieser Zug wird selten
gespielt und von der Theorie nicht empfohlen. Dennoch wählt Gyimesi diese
Fortsetzung. Der andere Springerzug - 15...Nc5 - ist die Hauptfortsetzung.} (
15... Nc5 16. Nb3 Nxb3 17. Rxb3 (17. Qxb3 b6) 17... Ke7 18. Qc1 Rd8 19. Rab1
Qd2 20. Qc7+ Rd7 21. Qg3 b5 22. Qg7 Rc7 23. Rd3 Rc1+ 24. Rxc1 Qxc1+ 25. Rd1 Qc5
26. Qxh7 Bb7 27. f3 Qe5 {1/2-1/2 Pogorelov,R-Kolev,A/Villarrobledo 2000/EXT
2001 (57)}) (15... O-O) 16. Qb3 (16. f4 Ng6 17. Nb3 Qb4) (16. Rc1 $5 Bd7 17.
Nb3 $36) 16... b5 (16... Ke7 17. a4 $16) 17. Rd1 {[%cal Gd1d8] Das ist eine
Verbesserung des weißen Spiels. Der Turm steht aktiv auf d1.} (17. Qg3 $6 Bd7
18. Qg7 Ke7 19. f4 Nc6 $2 (19... Rag8 $1 {Nach diesem einfachen Zug bekommt
Schwarz die klar besseren Chancen.} 20. Qh6 Rg6 21. Qh5 Qd2 $19) 20. Nxc6+ (20.
e5 $142 fxe5 21. fxe5 Rhf8 22. Nxc6+ Bxc6 23. Qf6+ Ke8 24. Rd3 $16) 20... Bxc6
21. Bh5 Rhf8 22. e5 fxe5 23. fxe5 Bd5 $13 {1-0 Maksimenko,A-Gyimesi,Z/
Jugoslavija 1997/Inf 70/[Maksimenko,A] (55)}) (17. Rc1 Bd7 {/\ Nc4}) 17... Bd7
18. f4 Nc4 $11 {[%mdl 4] Das ist die solidere Fortsetzung - die alternativen
Springerzüge 18...Ng6 und 18...Nc6 sind ebenfalls spielbar.} (18... Ng6 $5) (
18... Nc6 19. Qb2 Ke7 $13) 19. Bxc4 bxc4 20. Qb7 (20. Qxc4 Rc8 $11 (20... Bb5
21. Nxb5 Qxb5 $11)) 20... Rd8 {[%mdl 256] Schwarz festigt die Stellung des Bd7.
} (20... Rc8 21. Qxd7+ $1 Kxd7 22. Nb3+ Qd5 23. exd5 cxb3 24. dxe6+ Kxe6 25. g4
f5 26. Re3+ Kf6 27. g5+ Kg7 28. axb3 $14) 21. Nc6 {Weiß muss die Stellung
vereinfachen.} Bxc6 22. Qxc6+ Ke7 (22... Kf8 23. Rxd8+ (23. Rd7) 23... Qxd8 24.
Qxc4 Qd1+ 25. Kf2 Qd2+ 26. Kg1 Qxf4 27. Qxa6 Kg7 $11) 23. Qb7+ Ke8 (23... Kf8
24. Rd7 Rxd7 25. Qxd7 $44) 24. Qc6+ Ke7 25. Qb7+ Ke8 26. Rxd8+ (26. Qc6+ $11)
26... Qxd8 27. Qc6+ Ke7 28. Qc5+ (28. Qc5+ Qd6 29. Qa7+ Qd7 (29... Kf8 30. Qa8+
Kg7 31. Rg3+ $18) 30. Qc5+ Qd6 $11 (30... Ke8 $2 31. Qxc4 Qd1+ 32. Kf2 $16))
1/2-1/2

[Event "Dubai op"]
[Site "Dubai"]
[Date "2001.04.17"]
[Round "3"]
[White "Vladimirov, Yevgeniy"]
[Black "Arkhipov, Sergey"]
[Result "1-0"]
[WhiteElo "2612"]
[BlackElo "2531"]
[Annotator "Ribli,Z"]
[PlyCount "105"]
[EventDate "2001.04.15"]
[EventType "swiss"]
[EventRounds "9"]
[EventCountry "UAE"]
[SourceTitle "CBM 083"]
[Source "ChessBase"]
[SourceDate "2001.07.05"]
[SourceVersion "1"]
[SourceVersionDate "2001.07.05"]
[SourceQuality "1"]

1. d4 Nf6 2. c4 e6 3. Nf3 d5 4. Nc3 dxc4 {Heutzutage ist die sogenannte Wiener
Variante des Damengambits populärer als früher. In der Folge erleben wir einen
konkreten taktischen Kampf mit beiderseitigen Chancen.} 5. Bg5 {Die
Hauptfortsetzung wäre 5.e4, denn nach dem Textzug kann Schwarz auch 5...c6
spielen und in die Botwinnik-Variante überleiten.} (5. e4) 5... Bb4 6. e4 c5 7.
e5 {Das ist ein seltener Gast in der modernen Turnierpraxis. Man spielt
praktisch immer 7.Bxc4.} cxd4 (7... h6 $5 8. Bd2 (8. exf6 hxg5 9. fxg7 Rg8 10.
dxc5 Qxd1+ 11. Rxd1 Rxg7 $11) 8... Bxc3 9. bxc3 Ne4 10. Bxc4 Nc6 $11) 8. Qa4+ (
8. Nxd4 Qa5 9. exf6 Bxc3+ 10. bxc3 Qxg5 11. fxg7 Qxg7 $11) 8... Nc6 9. O-O-O
Bd7 (9... Bxc3 10. bxc3 h6) 10. Ne4 (10. exf6 $2 gxf6 $17 {[%cal Rd4c3,Rf6g5]})
10... Be7 11. exf6 gxf6 12. Bh4 Rc8 (12... Nb4 $5 13. Qxb4 (13. Qa3 $5) 13...
Bxb4 14. Nxf6+ Kf8 15. Rxd4 (15. Nxh7+ Rxh7 16. Bxd8 Rxd8 $17) 15... Be7 (15...
Qa5 16. Nxd7+ Ke8 17. Nf6+ Kf8 18. Bxc4 $16 {Weiß hat drei Leichtfiguren für
die Dame, und der schwarze König steht unsicher.}) 16. Ne5 Bb5 17. Rxd8+ Rxd8
18. Be2 Kg7 19. Nh5+ Kf8 20. Nf6 $11) 13. Kb1 (13. Bxf6 $6 Bxf6 14. Nd6+ Kf8
15. Nxc8 Qxc8 16. Qxc4 Kg7 17. Kb1 e5 18. Bd3 Be6 19. Qa4 Bf5 $1 {0-1 Farago,
I-Horvath,C/Budapest 1995/CBM 46/[Ftacnik] (60)}) 13... Na5 14. Qc2 e5 15. Nxd4
{Die schwarze Bauernkette ist so stark im Zentrum, dass Weiß keine andere Wahl
hat als dieses Gegenopfer.} exd4 16. Rxd4 {Nach forcierten Zügen haben wir
eine Stellung erreicht, in der Weiß über Kompensation für den Bauern verfügt.
Der schwarze König steht zwar unsicher in der Mitte, aber in den konkreten
Varianten scheint Weiß keinen Vorteil erringen zu können.} Qb6 17. Nxf6+ (17.
Rd5 Be6 18. Qa4+ Nc6 19. Bxc4 Qb4 20. Qxb4 Nxb4 21. Bb5+ Kf8 22. Rd2 Bxa2+ 23.
Ka1 Be6 24. Nxf6 Kg7 25. Nh5+ Kf8 26. Nf6 Kg7 27. Nh5+ {1/2-1/2 Khalifman,
A-Ribli,Z/Groningen 1993/CBM 39 (27)}) (17. Rxd7 Kxd7 18. Be2 Ke8 19. Qc3 Rc6
20. Rd1 Re6 21. Bf3 Rg8 22. Rd5 Rxe4 23. Bxe4 Rg4 24. Qxa5 Rxe4 $11) (17. Rd6
Rc6 (17... Bxd6 $2 18. Nxf6+ $18) 18. Bxf6 Rxd6 19. Bxh8 Bf5 20. Be2 Re6 21.
Bf3 Nc6 22. Nd6+ (22. Qxc4 Qb4 $11) 22... Rxd6 23. Qxf5 Nd4 24. Bxd4 Rxd4 $11)
17... Bxf6 18. Qe4+ Kf8 {Das war seinerzeit meine Neuerung - in der Partie
Kasparov,G. - Ribli Z. Barcelona 1989.} (18... Kd8 $6 19. Be2 {[%cal Re2g4,
Rg4d7]} Rc7 20. Qe5 Kc8 21. Qxf6 Qxf6 22. Bxf6 Re8 23. Bg4 $14) 19. Bxf6 Qxf6
20. Rxd7 Re8 (20... c3 21. Qb4+ (21. bxc3 Rxc3 22. Qb4+ Kg7 23. Qxa5 Qg6+ 24.
Bd3 Rxd3 25. Qe5+ Kh6 $11) 21... Kg7 22. Bd3 $13 (22. Qxa5 $2 c2+ 23. Kc1 Qxb2+
24. Kxb2 c1=Q+ 25. Kb3 Qc2+ 26. Kb4 (26. Ka3 Rc3+ $19) 26... Qb2+ 27. Ka4 Qxa2+
28. Kb4 Qb2+ 29. Ka4 Rhe8 $19)) 21. Qc2 $146 {Es scheint, als befänden wir uns
schon mitten in der Partie, doch eigentlich ist erst dieser 21.Zug der erste
neue Zug in der Partie. Mit dem Textzug möchte Weiß den Abtausch der Damen
noch etwas hinauszögern.} (21. Qd4 Re1+ 22. Kc2 Qxd4 23. Rxd4 Ke7 (23... Kg7 $5
) 24. g3 (24. Rd1 Rxd1 25. Kxd1 Kd6 $11) 24... Rd8 25. Bg2 Re2+ 26. Kd1 Rxd4+
27. Kxe2 Kd6 {1/2-1/2 Kasparov,G-Ribli,Z/Barcelona 1989/CBM 12 (40)}) 21... Qg6
(21... Re1+ $5 22. Rd1 Rxd1+ 23. Qxd1 Kg7 24. Qg4+ Qg6+ 25. Qxg6+ hxg6 $11) 22.
Qxg6 Re1+ (22... hxg6 23. g3 Re1+ 24. Kc2 {Das ist nur eine Zugumstellung zu
unserer Partie.}) 23. Kc2 hxg6 $11 {Der weiße König steht aktiv, aber die
Zukunft des Bf1 ist fraglich. Die Stellung ist etwa ausgeglichen.} 24. g3 {
Weiß beabsichtigt, h2-h4 zu ziehen und mit Bg2 den aktiven schwarzen Turm zu
tauschen.} (24. h4 $11) 24... Rh5 {[%cal Gh5e5]} 25. Rd1 (25. h4 Rhe5 $11)
25... Rxd1 (25... Rhe5 26. Bg2 R1e2+ (26... R5e2+ 27. Rd2 Rxh1 28. Bxh1 Re1 (
28... Rxd2+ 29. Kxd2 $14 {[%csl Rc4]}) 29. Bd5 $14) 27. Rd2 Ke7 28. Rhd1 $14)
26. Kxd1 {[%mdl 4096]} Ke7 27. Bg2 Kd6 {[%csl Gd6] Der schwarze König steht
aktiv - Schwarz hat keine Probleme.} 28. h4 {Mit diesem Zug entbindet Weiß
seinen Turm von der Verteidigung des Ph2.} Nc6 29. g4 $5 Rh8 (29... Ra5 $2 30.
h5 {[%csl Gh5][%cal Rh5h6,Rh6h7,Rh7h8]} (30. a3 Ne5 $15)) 30. f4 b5 31. h5 Nb4
$132 32. Kd2 (32. hxg6 Rxh1+ 33. Bxh1 fxg6 34. Be4 Nd5 $11) 32... Kc5 (32...
Nxa2 33. hxg6 Rxh1 34. g7 $18) 33. Be4 (33. hxg6 Rd8+ $11) 33... f5 $6 (33...
Kd4 $1 34. hxg6 (34. Bb1 Nd5 $11 (34... f5 35. hxg6 $2 Rxh1 36. g7 Rh2+ 37. Ke1
Ke3 38. Kf1 Kf3 39. Ke1 (39. Kg1 Rg2+ $19) 39... Re2+ $19)) 34... Rxh1 35. g7
Rh2+ 36. Kd1 (36. Kc1 $2 Nd3+ 37. Kb1 Rxb2+ 38. Ka1 Re2 $19) 36... Kxe4 37.
g8=Q Rh1+ 38. Ke2 (38. Kd2 Rh2+ 39. Kd1 (39. Kc3 $4 Nxa2# (39... Nd5#))) 38...
Rh2+ 39. Kf1 Rxb2 $132) 34. a3 $1 {[%mdl 64] Dieser Zwischenzug verschafft
Weiß gute Chancen.} fxe4 (34... Nc6 $2 35. Bxc6 Kxc6 36. hxg6 Rxh1 37. g7 $18)
(34... Na6 35. Bb7 $16) 35. axb4+ Kd4 (35... Kxb4 36. hxg6 Rxh1 37. g7 $18) 36.
Ke2 (36. hxg6 Rxh1 37. g7 Rh2+ 38. Kc1 Kd3 39. Kb1 e3 40. g8=Q e2 $132) 36...
e3 (36... gxh5 $2 37. Rd1#) (36... c3 37. bxc3+ Kxc3 38. hxg6 Rxh1 39. g7 $18)
37. f5 {Die entfernten weißen Freibauern am Königsflügel sind stark.} gxh5 (
37... gxf5 38. gxf5 Ke5 39. h6 $16) 38. gxh5 $1 Ke5 39. h6 Kxf5 40. Kxe3 $16 {
[%csl Ra7,Rb5,Rc4,Gh6] Da der weiße h-Bauer die schwarzen Figuren bindet,
bekommt Weiß freie Hand am Damenflügel.} Kg6 41. Kd4 Kh7 42. Kc5 Rb8 {Der
schwarze König kontrolliert den h-Bauern und setzt auf diese Weise den Turm
frei. Aber das ist zu wenig, um die eigenen Bauern am Damenflügel zu
verteidigen.} 43. Ra1 Kxh6 (43... Rb7 44. Ra6 $18 {[%cal Rc5c6]}) 44. Rxa7 Kg5
45. Ra6 {[%csl Rb5] Es droht 46.Rb6 mit Bauerngewinn. Schwarz hat keine
Verteidigung.} Kf5 46. Rb6 Rh8 47. Kxb5 $18 {Weiß hat nur einen Mehrbauern,
aber seine Stellung ist gewonnen, weil der schwarze König abgeschnitten ist.}
Ke5 48. Kxc4 Rc8+ 49. Kb5 Kd5 50. Rh6 Rb8+ 51. Ka5 Kc4 (51... Ra8+ 52. Ra6 $18)
52. Rh4+ Kd5 53. b5 {Schwarz gab in völlig verlorener Stellung auf.} 1-0

[Event "CHN-RUS Summit Men 1st"]
[Site "Shanghai"]
[Date "2001.09.07"]
[Round "1"]
[White "Dreev, Alexey"]
[Black "Xu, Jun"]
[Result "1/2-1/2"]
[WhiteElo "2690"]
[BlackElo "2646"]
[Annotator "Ribli,Z"]
[PlyCount "61"]
[EventDate "2001.09.07"]
[EventType "schev"]
[EventRounds "6"]
[EventCountry "CHN"]
[SourceTitle "CBM 085"]
[Source "ChessBase"]
[SourceDate "2001.11.13"]
[SourceVersion "1"]
[SourceVersionDate "2001.11.13"]
[SourceQuality "1"]

1. d4 Nf6 2. c4 e6 3. Nf3 d5 4. Nc3 dxc4 {Dieser Zug ist sehr populär in
letzter Zeit, und in einigen Partien probierte selbst Kasparov diese
Fortsetzung aus.} 5. e4 Bb4 6. Bg5 c5 7. e5 {Dieser Zug wird heutzutage
weniger gespielt - die Hauptvariante ist 7.Bxc4.} cxd4 (7... h6 {Dieser Zug
ist weniger populär, aber auch gut spielbar.}) 8. Nxd4 (8. Qa4+ Nc6 9. O-O-O
Bd7 10. Ne4 Be7 11. exf6 gxf6 12. Bh4 Rc8 {Das ist die Grundstellung der
anderen Hauptvariante. Hier hat Weiß eine Figur mehr, aber Schwarz hat drei
Bauern.}) (8. exf6 $6 gxf6 9. Bh4 Nc6 10. Nxd4 Nxd4 11. Bxc4 Ke7 $5 $15) 8...
Qa5 9. exf6 Bxc3+ (9... Qxg5 $4 {Ein unglaublicher Fehler von einem
Internationalem Schachmeister.} 10. Qa4+ Nc6 11. Nxc6 Bxc3+ 12. bxc3 Bd7 13.
Qb4 {[%cal Rb4e7]} Qxf6 14. Nd4 {Piket,Je-Karolyi,T/Lvov/1988/1:0/}) 10. bxc3
Qxg5 11. fxg7 Qxg7 (11... Rg8 12. h4 Qe5+ (12... Qxg7 13. Rh3 {[%cal Gh3e3]}
Na6 14. Re3 Bd7 15. Nf5 Qf6 16. Nd6+ Ke7 17. Nxc4 $16) 13. Be2 Rxg7 14. O-O $14
) 12. Qd2 {Großmeister Dreev spielt diese Variante gern. Die weiße
Hauptstrategie ist das Spiel am Königsflügel.} (12. Qf3 Nd7 13. Bxc4 O-O 14.
Bb3 Nc5 $11) 12... O-O {Die Partiefortsetzung ist logisch, aber die sofortige
Springerentwicklung ist auch spielbar.} (12... Nc6 13. Nxc6 bxc6 14. Bxc4 Qe5+
15. Kf1 Bb7 16. Rd1 O-O 17. h4 Rad8 $1 18. Qxd8 Rxd8 19. Rxd8+ Kg7 20. Rh3 c5 {
1/2-1/2 Portisch,L-Huebner,R/Skelleftea WCup 1989/CBM 14/[Ribli] (28)}) 13.
Bxc4 Rd8 {[%cal Gd8d2]} (13... Nd7 14. O-O Ne5 15. Bb3 Ng6 16. f4 Bd7 17. Rad1
Rac8 18. Nf5 exf5 19. Qxd7 {1/2-1/2 Volzhin,A-Richter,M/Senden 1999/EXT 2000 
(42)}) (13... Bd7 {Dieser Zug ist eine gute Möglichkeit für Schwarz - im
folgenden möchte er 14...Nc6 spielen und im Falle von 15.Nxc6 kann er mit dem
Läufer auf c6 nehmen.} 14. O-O Nc6 (14... Rc8 15. Bb3 Rc5 16. f4 Nc6 17. Rad1
Rc8 18. Rf3 Ne7 19. Rg3 Ng6 20. Nf3 Be8 21. Ne5 a5 22. h4 Qh6 23. Qf2 {1-0
Dreev,A-Morozevich,A/Moscow PCA Qual 1996 (38)}) 15. f4 (15. Nf3 Rfd8 16. Rad1
Be8 17. Qe3 Ne7 18. Ne5 Ng6 19. f4 Nxe5 20. fxe5 Bc6 $11 {1/2-1/2 Sakaev,
K-Arkhipov,S/Dubai UAE 2000/(62)}) 15... Nxd4 16. cxd4 Bc6 (16... Rac8 17. Bb3
Rfd8 18. Rf3 Kh8 19. Rg3 Qf6 {1/2-1/2 Tkachiev,V-Tukmakov,V/Solin CRO 1999/
[Ribli] (29)}) 17. Rad1 Rad8 18. Rf2 Ba4 {1/2-1/2 Shchekachev,A-Bauer,C/France
2000/EXT 2001/(18)}) 14. Qe3 Bd7 15. O-O Nc6 16. Nf3 Ne7 (16... Be8 17. Bd3 h6
$10) 17. Ne5 Ng6 18. f4 {Das ist die gewöhnliche Strategie für Weiß in dieser
Variante - nach Springertausch auf e5 kann Weiß fxe5 spielen.} Nxe5 {[%mdl 4]}
(18... Rac8 19. Be2 Nxe5 20. fxe5 Bc6 21. Bf3 Bd5 22. Rab1 b6 23. Rb4 $1 Bxf3
24. Rxf3 Rd1+ 25. Kf2 Rcd8 26. Rd4 R1xd4 27. cxd4 Kh8 28. Rg3 $14 {0-1 Dreev,
A-Kharlov,A/Novosibirsk 1995/CBM 50/[Belov] (44)}) 19. fxe5 Bc6 $11 {[%csl Gc6]
Jetzt wir haben ähnliche Stellung wie in der Variante 13...Bd7 14.0-0 Nc6 15.
Nf3 Rfd8 16.Rad1 Be8 17.Qe3 Ne7 18.Ne5 Ng6 19.f4 Nxe5 20.fxe5 Bg6. Der einzige
Unterschied ist - in unsere Partiefortsetzung hat Weiß hat nicht den Zug Rad1.}
20. g3 Rd7 {[%cal Ga8d8,Gd8d1,Gd7f7] Mit diesem Zug kann Schwarz im folgenden
die Türme auf der d-Linie verdoppeln und den außerdem den f7-Bauern
verteidigen.} 21. Rf4 {[%cal Ga1f1,Gf1f7][%mdl 32] Diese Stellung ist ein
gutes Beispiel zum Thema: dynamischer Ausgleich. Weiß hat einige
Bauernschwächen, aber die schwarze Königsstellung ist angreifbar.} Kh8 22. Raf1
Rg8 (22... Rad8 $11) 23. Rd4 (23. Qxa7 $2 Qxe5 $17) 23... Rxd4 24. cxd4 {
Mit diesem Tausch verbessert Weiß seine Bauernstellung. Aber Schwarz hat
genügend Gegenspiel - sein c6B steht ausgezeichnet und er hat aktive Chancen
am Königsflügel.} (24. Qxd4 Qg6 $11 {[%cal Gg6c2]}) 24... Qg6 {[%cal Gg6c2]}
25. Bd3 Qh5 26. Be4 {Es ist logisch, dass Weiss die beste schwarze Figur
tauscht.} Rc8 (26... Bxe4 27. Qxe4 Rc8 28. Qxb7 Rc2 29. Rf2 Rxf2 (29... Qd1+
30. Rf1 $2 (30. Kg2 Rxf2+ 31. Kxf2 Qxd4+ $11) 30... Qe2 $19) 30. Kxf2 Qxh2+ $11
) 27. Rc1 {[%cal Gc1c8]} Kg7 28. Bxc6 (28. Bf3 Qh6 $11) 28... Rxc6 29. Rxc6
bxc6 {Endlich ist es Weiss, der die bessere Bauernstellung hat, aber in diesem
Endspiel hat das keine Bedeutung.} 30. Kg2 f5 31. a3 (31. exf6+ Kxf6 $11)
1/2-1/2